[Event "Ungdoms-DM U12 2023"]
[Site "Odense"]
[Date "2023.11.04"]
[Round "1.1"]
[White "Vorobets, Artem"]
[Black "Sandmann, Villads Majvang"]
[Result "0-1"]
[WhiteElo "1002"]
[BlackElo "1971"]
[PlyCount "108"]
[EventDate "2023.11.04"]
[EventType "swiss"]
[EventRounds "7"]
[EventCountry "DEN"]
[SourceTitle "Live v. Kasper Jerwiarz"]

1. e4 c5 2. d4 cxd4 3. Qxd4 Nc6 4. Qd1 Nf6 5. Nc3 e6 6. Bg5 Bb4 7. Nge2 h6 8.
Bxf6 Qxf6 9. a3 Bc5 10. f3 O-O 11. Qd2 Ne5 12. Qf4 Qxf4 13. Nxf4 b6 14. O-O-O
Be3+ 15. Kb1 Bxf4 16. g3 Be3 17. f4 Ng4 18. Re1 Bd2 19. Re2 Bxc3 20. bxc3 Ba6
21. Re1 Bxf1 22. Rexf1 Rac8 23. Kb2 Rc4 24. e5 Rfc8 25. Rf3 h5 26. h3 Nh6 27.
Rg1 Nf5 28. g4 hxg4 29. Rxg4 Ne7 30. Rfg3 g6 31. Rd3 Nd5 32. Rgg3 Rxf4 33. Kb3
Kg7 34. Kb2 Re4 35. Kb3 b5 36. Rg2 Rxe5 37. Rh2 Re3 38. Rxe3 Nxe3 39. Rd2 Nd5
40. Rd3 f5 41. Rg3 Kf6 42. Rd3 f4 43. Rf3 Rxc3+ 44. Rxc3 Nxc3 45. Kxc3 e5 46.
Kd3 Kf5 47. Ke2 Ke4 48. Kf2 f3 49. Ke1 Ke3 50. Kf1 f2 51. h4 Kf3 52. c3 e4 53.
c4 e3 54. cxb5 e2# 0-1

[Event "Ungdoms-DM U12 2023"]
[Site "Odense"]
[Date "2023.11.04"]
[Round "1.2"]
[White "Jalving, August"]
[Black "Dorosz, Artur"]
[Result "1-0"]
[WhiteElo "1933"]
[BlackElo "1000"]
[PlyCount "59"]
[EventDate "2023.11.04"]
[EventType "swiss"]
[EventRounds "7"]
[EventCountry "DEN"]
[SourceTitle "Live v. Kasper Jerwiarz"]

1. e4 e5 2. Nf3 Nc6 3. d4 f6 4. dxe5 fxe5 5. Bc4 Nf6 6. Ng5 d5 7. exd5 Bc5 8.
dxc6 Qxd1+ 9. Kxd1 Bg4+ 10. f3 Rd8+ 11. Ke2 Bf5 12. cxb7 Bg6 13. Ne6 Rb8 14.
Nxc5 Bxc2 15. Bb5+ Kf7 16. Bc6 Nh5 17. Nd7 Rbd8 18. b8=Q Rxb8 19. Nxb8 Rxb8 20.
Nc3 Rd8 21. Bd5+ Kf6 22. Be4 Bxe4 23. Nxe4+ Kf5 24. g4+ Kg6 25. gxh5+ Kxh5 26.
Rg1 h6 27. Be3 a5 28. Rg3 g5 29. h4 gxh4 30. Nf6# 1-0

[Event "Ungdoms-DM U12 2023"]
[Site "Odense"]
[Date "2023.11.04"]
[Round "1.3"]
[White "Fyhn, Buster Hulthin"]
[Black "Bekmukhanov, Sauran"]
[Result "1-0"]
[WhiteElo "1000"]
[BlackElo "1708"]
[PlyCount "67"]
[EventDate "2023.11.04"]
[EventType "swiss"]
[EventRounds "7"]
[EventCountry "DEN"]
[SourceTitle "Live v. Kasper Jerwiarz"]

1. e4 e5 2. Nf3 Nc6 3. Bc4 Bc5 4. c3 Nf6 5. d3 d6 6. a4 a5 7. O-O Bg4 8. Be3
O-O 9. h3 Bh5 10. Nbd2 Qd7 11. Qb3 Rfe8 12. Bg5 Bxf3 13. Nxf3 Nh5 14. Rad1 h6
15. Be3 Bxe3 16. fxe3 Nf6 17. Nh4 Nd8 18. Rf2 c6 19. Rdf1 d5 20. exd5 cxd5 21.
Bb5 Nc6 22. e4 d4 23. Nf5 Kh7 24. Nxg7 Kxg7 25. Rxf6 Re7 26. Qd1 dxc3 27. bxc3
Rg8 28. Qh5 Kf8 29. Qxh6+ Ke8 30. Bxc6 bxc6 31. Rxc6 Qa7+ 32. Kh1 Qd7 33. Qd6
Qa7 34. Rc8# 1-0

[Event "Ungdoms-DM U12 2023"]
[Site "Odense"]
[Date "2023.11.04"]
[Round "1.4"]
[White "Repey, Yehor"]
[Black "Gabrielsen, Simon Jack"]
[Result "1-0"]
[WhiteElo "1605"]
[BlackElo "1000"]
[PlyCount "29"]
[EventDate "2023.11.04"]
[EventType "swiss"]
[EventRounds "7"]
[EventCountry "DEN"]
[SourceTitle "Live v. Kasper Jerwiarz"]

1. e4 e5 2. Nf3 Nc6 3. Bb5 Nf6 4. O-O Bc5 5. d3 O-O 6. Bg5 d6 7. Nc3 Bg4 8.
Bxc6 Bxf3 9. Qxf3 bxc6 10. Na4 Rb8 11. Nxc5 dxc5 12. b3 Qd4 13. Bxf6 Qb2 14.
Qg4 Qxc2 15. Qxg7# 1-0

[Event "Ungdoms-DM U12 2023"]
[Site "Odense"]
[Date "2023.11.04"]
[Round "2.1"]
[White "Sandmann, Villads Majvang"]
[Black "Ahl, Eskil Rosenlund"]
[Result "1-0"]
[WhiteElo "1971"]
[BlackElo "1100"]
[PlyCount "43"]
[EventDate "2023.11.04"]
[EventType "swiss"]
[EventRounds "7"]
[EventCountry "DEN"]
[SourceTitle "Live v. Kasper Jerwiarz"]

1. e4 c5 2. Nf3 d6 3. d4 cxd4 4. Nxd4 Nf6 5. Nc3 a6 6. Bg5 e6 7. f4 Be7 8. Qf3
h6 9. Bh4 b5 10. e5 dxe5 11. Qxa8 exd4 12. Qxb8 dxc3 13. Rd1 cxb2 14. Rxd8+
Bxd8 15. Bxb5+ Ke7 16. Bd3 Ba5+ 17. Ke2 e5 18. Qxe5+ Kf8 19. Qxa5 Bg4+ 20. Kf2
Kg8 21. Qd8+ Ne8 22. Qxe8# 1-0

[Event "Ungdoms-DM U12 2023"]
[Site "Odense"]
[Date "2023.11.04"]
[Round "2.2"]
[White "Khandelia, Atharva"]
[Black "Jalving, August"]
[Result "0-1"]
[WhiteElo "1097"]
[BlackElo "1933"]
[PlyCount "70"]
[EventDate "2023.11.04"]
[EventType "swiss"]
[EventRounds "7"]
[EventCountry "DEN"]
[SourceTitle "Live v. Kasper Jerwiarz"]

1. e4 c6 2. d4 d5 3. exd5 cxd5 4. Bd3 Nc6 5. c3 Nf6 6. Bf4 Bg4 7. Qb3 Qd7 8.
Nd2 e6 9. Ngf3 Bd6 10. Bxd6 Qxd6 11. O-O O-O 12. Rfe1 Nd7 13. Qc2 g6 14. Re3
Rac8 15. a3 Bxf3 16. Nxf3 e5 17. dxe5 Ndxe5 18. Nxe5 Nxe5 19. Rae1 Ng4 20. Rg3
Qf4 21. h3 Ne5 22. Ree3 Rfe8 23. Bb5 Re6 24. Qe2 a6 25. Ba4 d4 26. cxd4 Qxd4
27. Re4 Qd6 28. Bb3 Re7 29. f4 Nc6 30. Rxe7 Nxe7 31. Qf2 Nf5 32. Rg4 Qd3 33.
Ba2 Rc1+ 34. Kh2 Ne3 35. Rg3 Nf1+ 0-1

[Event "Ungdoms-DM U12 2023"]
[Site "Odense"]
[Date "2023.11.04"]
[Round "2.3"]
[White "Kodiraliev, Kamron"]
[Black "Repey, Yehor"]
[Result "0-1"]
[WhiteElo "1000"]
[BlackElo "1605"]
[PlyCount "70"]
[EventDate "2023.11.04"]
[EventType "swiss"]
[EventRounds "7"]
[EventCountry "DEN"]
[SourceTitle "Live v. Kasper Jerwiarz"]

1. e4 c5 2. Bc4 d6 3. Bb5+ Nc6 4. Nf3 Nf6 5. d3 a6 6. Bxc6+ bxc6 7. O-O e5 8.
h3 Be7 9. Nc3 Be6 10. b3 Qc7 11. Bd2 Rd8 12. Qe1 O-O 13. Na4 Rb8 14. Ba5 Qa7
15. Ng5 Nd7 16. Nxe6 fxe6 17. Qc3 Bd8 18. a3 Bxa5 19. Qxa5 d5 20. b4 Rb5 21.
Qxb5 cxb5 22. Nxc5 Nxc5 23. bxc5 Qxc5 24. Kh2 Rxf2 25. Rxf2 Qxf2 26. c4 dxc4
27. dxc4 bxc4 28. a4 Qf4+ 29. g3 Qxe4 30. a5 Qe2+ 31. Kh1 c3 32. Rg1 c2 33. Rg2
c1=Q+ 34. Kh2 Qef1 35. h4 Qh1# 0-1

[Event "Ungdoms-DM U12 2023"]
[Site "Odense"]
[Date "2023.11.04"]
[Round "2.4"]
[White "Rynkjob, Bastian"]
[Black "Fyhn, Buster Hulthin"]
[Result "0-1"]
[WhiteElo "1381"]
[BlackElo "1000"]
[PlyCount "76"]
[EventDate "2023.11.04"]
[EventType "swiss"]
[EventRounds "7"]
[EventCountry "DEN"]
[SourceTitle "Live v. Kasper Jerwiarz"]

1. e4 d5 2. exd5 Qxd5 3. Nc3 Qa5 4. d4 Nf6 5. Bc4 c6 6. Nf3 Bg4 7. O-O e6 8.
Re1 Bd6 9. d5 cxd5 10. Nxd5 Bxf3 11. gxf3 Nbd7 12. Nxf6+ Nxf6 13. Bxe6 fxe6 14.
Rxe6+ Be7 15. Qd6 Qd8 16. Bf4 Kf7 17. Qe5 Re8 18. Re1 Bf8 19. h4 Qd7 20. Rxf6+
gxf6 21. Qh5+ Kg8 22. Rf1 Qg7+ 23. Kh1 Kh8 24. Rg1 Qd7 25. Kh2 Bd6 26. Qh6
Bxf4+ 27. Qxf4 Qe6 28. Qh6 Rg8 29. Rd1 Rad8 30. Rf1 Rg6 31. Qf4 Qe5 32. Qxe5
fxe5 33. Re1 Rd5 34. Kh3 Kg7 35. f4 Kf6 36. h5 Rg7 37. Kh4 exf4 38. Re8 Rd2 0-1

[Event "Ungdoms-DM U12 2023"]
[Site "Odense"]
[Date "2023.11.04"]
[Round "3.1"]
[White "Repey, Yehor"]
[Black "Sandmann, Villads Majvang"]
[Result "0-1"]
[WhiteElo "1605"]
[BlackElo "1971"]
[PlyCount "76"]
[EventDate "2023.11.04"]
[EventType "swiss"]
[EventRounds "7"]
[EventCountry "DEN"]
[SourceTitle "Live v. Kasper Jerwiarz"]

1. e4 c5 2. Nf3 d6 3. d4 cxd4 4. Nxd4 Nf6 5. Nc3 a6 6. Bg5 e6 7. f4 Be7 8. Qf3
Qc7 9. g4 b5 10. a3 Nbd7 11. O-O-O Bb7 12. Bg2 Rc8 13. Qe2 O-O 14. h4 Nb6 15.
h5 Nc4 16. Rh3 Qa5 17. Nb3 Qb6 18. h6 g6 19. e5 Bxg2 20. exf6 Bxh3 21. fxe7
Rfe8 22. Ne4 Ne3 23. Nf6+ Kh8 24. Nd4 Nxd1 25. Nxe8 Rxe8 26. Bf6+ Kg8 27. Kxd1
Qb7 28. Nxe6 Qc8 29. Ng5 Bxg4 30. Nf3 Qc6 31. Kc1 Qxf3 32. Qxf3 Bxf3 33. Kd2
Bc6 34. Ke3 Rc8 35. Kd4 Be8 36. c3 d5 37. Kxd5 Rc6 38. Ke5 Re6+ 0-1

[Event "Ungdoms-DM U12 2023"]
[Site "Odense"]
[Date "2023.11.04"]
[Round "3.2"]
[White "Jalving, August"]
[Black "Nielsen, Johannes Smedegaard"]
[Result "1-0"]
[WhiteElo "1933"]
[BlackElo "1200"]
[PlyCount "39"]
[EventDate "2023.11.04"]
[EventType "swiss"]
[EventRounds "7"]
[EventCountry "DEN"]
[SourceTitle "Live v. Kasper Jerwiarz"]

1. e4 e5 2. Nf3 Nc6 3. d4 exd4 4. Bc4 Nf6 5. O-O Bb4 6. Nxd4 O-O 7. c3 Bc5 8.
Re1 h6 9. e5 Nh7 10. Bd3 b6 11. Qg4 d5 12. Qg3 Nxd4 13. cxd4 Bb4 14. Bxh6 g5
15. Nc3 Re8 16. Bxh7+ Kxh7 17. Bxg5 Qd7 18. Qh4+ Kg8 19. Bf6 Qf5 20. Qh8# 1-0

[Event "Ungdoms-DM U12 2023"]
[Site "Odense"]
[Date "2023.11.04"]
[Round "3.3"]
[White "Horn, Halfdan"]
[Black "Fyhn, Buster Hulthin"]
[Result "1-0"]
[WhiteElo "979"]
[BlackElo "1000"]
[PlyCount "83"]
[EventDate "2023.11.04"]
[EventType "swiss"]
[EventRounds "7"]
[EventCountry "DEN"]
[SourceTitle "Live v. Kasper Jerwiarz"]

1. e4 d5 2. exd5 Qxd5 3. Nc3 Qa5 4. d4 Nf6 5. Bb5+ c6 6. Bc4 Bf5 7. d5 cxd5 8.
Bxd5 Bxc2 9. Bxf7+ Kxf7 10. Qxc2 e6 11. Bd2 Bb4 12. Nf3 Re8 13. O-O Kg8 14. a3
Bd6 15. Ne4 Qd8 16. Nxf6+ Qxf6 17. Bc3 Qg6 18. Qxg6 hxg6 19. Rad1 Bc5 20. Ne5
Kh7 21. Nd7 Na6 22. Rc1 Rad8 23. Nxc5 Nxc5 24. Bxg7 Rd7 25. Rxc5 Kxg7 26. h3
Ree7 27. Re1 Rd2 28. b3 b6 29. Rce5 Kf6 30. R5e2 Rd3 31. Re3 Rd2 32. Rf3+ Kg7
33. Re4 b5 34. a4 bxa4 35. Rxa4 Rb2 36. b4 Rb7 37. Rfa3 R2xb4 38. Rxb4 Rxb4 39.
Rxa7+ Kf6 40. Ra3 Rh4 41. Kh2 Rf4 42. Kg3 1-0

[Event "Ungdoms-DM U12 2023"]
[Site "Odense"]
[Date "2023.11.04"]
[Round "3.4"]
[White "Kamal, Yogasimman"]
[Black "Bekmukhanov, Sauran"]
[Result "0-1"]
[WhiteElo "1161"]
[BlackElo "1708"]
[PlyCount "58"]
[EventDate "2023.11.04"]
[EventType "swiss"]
[EventRounds "7"]
[EventCountry "DEN"]
[SourceTitle "Live v. Kasper Jerwiarz"]

1. e4 e5 2. Nf3 Nc6 3. c3 Nf6 4. d3 d5 5. exd5 Qxd5 6. c4 Bb4+ 7. Bd2 Qa5 8. a3
Bg4 9. Be2 Bxd2+ 10. Qxd2 Qc5 11. Nc3 Rd8 12. Rd1 e4 13. Ng5 Bxe2 14. Ngxe4
Nxe4 15. Qxe2 f5 16. O-O O-O 17. dxe4 Nd4 18. Qe3 f4 19. Qd3 f3 20. Nd5 Ne2+
21. Kh1 fxg2+ 22. Kxg2 Nf4+ 23. Nxf4 Rxd3 24. Rxd3 Rxf4 25. Rd8+ Kf7 26. Rd7+
Kg6 27. Re1 Qxf2+ 28. Kh1 Qf3+ 29. Kg1 Rg4# 0-1

[Event "Ungdoms-DM U12 2023"]
[Site "Odense"]
[Date "2023.11.04"]
[Round "4.1"]
[White "Sandmann, Villads Majvang"]
[Black "Jalving, August"]
[Result "0-1"]
[WhiteElo "1971"]
[BlackElo "1933"]
[PlyCount "68"]
[EventDate "2023.11.04"]
[EventType "swiss"]
[EventRounds "7"]
[EventCountry "DEN"]
[SourceTitle "Live v. Kasper Jerwiarz"]

1. e4 c5 2. Nf3 d6 3. d4 cxd4 4. Nxd4 Nf6 5. Nc3 a6 6. Bg5 Nbd7 7. Bc4 Qb6 8.
Bb3 e6 9. Qd2 Be7 10. O-O-O Nc5 11. Rhe1 Qc7 12. f3 b5 13. Be3 h5 14. Kb1 Bd7
15. a3 Rb8 16. Nce2 a5 17. Ba2 b4 18. axb4 axb4 19. Nb3 O-O 20. Nxc5 dxc5 21.
e5 Nd5 22. Bxd5 exd5 23. Nf4 Qa5 24. Qxd5 Ra8 25. Kc1 Rfd8 26. Ng6 Be6 27.
Nxe7+ Kh8 28. Qxa8 Rxa8 29. Nc6 Qa1+ 30. Kd2 Qxb2 31. Ke2 Qxc2+ 32. Rd2 Qc4+
33. Kf2 Ra2 34. Red1 b3 0-1

[Event "Ungdoms-DM U12 2023"]
[Site "Odense"]
[Date "2023.11.04"]
[Round "4.2"]
[White "Rynkjob, Bastian"]
[Black "Horn, Halfdan"]
[Result "1-0"]
[WhiteElo "1381"]
[BlackElo "979"]
[PlyCount "121"]
[EventDate "2023.11.04"]
[EventType "swiss"]
[EventRounds "7"]
[EventCountry "DEN"]
[SourceTitle "Live v. Kasper Jerwiarz"]

1. e4 e5 2. Nf3 Nc6 3. Bc4 Bc5 4. c3 Nf6 5. d4 exd4 6. e5 Ne4 7. cxd4 Bb4+ 8.
Bd2 Nxd2 9. Nbxd2 O-O 10. O-O d6 11. exd6 Qxd6 12. Ne4 Qg6 13. Bd3 Bg4 14. Neg5
f5 15. Qb3+ Kh8 16. Bc4 h6 17. Nf7+ Kh7 18. N7e5 Nxe5 19. Nxe5 Qd6 20. Bf7 Bh5
21. Bxh5 Rf6 22. Bg6+ Rxg6 23. Nxg6 Kxg6 24. Qg3+ Qxg3 25. hxg3 Re8 26. Rfc1 c6
27. a3 Bd6 28. Re1 Rxe1+ 29. Rxe1 Kg5 30. Re6 Bf8 31. Re8 Bd6 32. Ra8 a6 33.
Ra7 c5 34. dxc5 Bxc5 35. Rxb7 Bd4 36. b4 f4 37. Rd7 Bb2 38. a4 g6 39. b5 axb5
40. axb5 fxg3 41. f3 Bc1 42. Rd6 Bf4 43. Rc6 h5 44. b6 Be3+ 45. Kf1 Bxb6 46.
Rxb6 h4 47. Ke2 Kf4 48. Rxg6 Kf5 49. Rg4 Kf6 50. Rxh4 Kg5 51. Rh3 Kf4 52. Kd3
Kg5 53. Rxg3+ Kh6 54. f4 Kh5 55. f5 Kh4 56. Rg8 Kh5 57. f6 Kh6 58. f7 Kh7 59.
Rg3 Kh6 60. f8=Q+ Kh5 61. Qh8# 1-0

[Event "Ungdoms-DM U12 2023"]
[Site "Odense"]
[Date "2023.11.04"]
[Round "4.3"]
[White "Bekmukhanov, Sauran"]
[Black "Khandelia, Atharva"]
[Result "1-0"]
[WhiteElo "1708"]
[BlackElo "1097"]
[PlyCount "27"]
[EventDate "2023.11.04"]
[EventType "swiss"]
[EventRounds "7"]
[EventCountry "DEN"]
[SourceTitle "Live v. Kasper Jerwiarz"]

1. e4 e5 2. f4 exf4 3. Nf3 d6 4. Bc4 Nc6 5. O-O Bg4 6. d4 g5 7. h4 h6 8. c3
Nge7 9. hxg5 hxg5 10. Bxf7+ Kd7 11. Qb3 Kc8 12. Nxg5 Na5 13. Be6+ Kb8 14. Qa4
1-0

[Event "Ungdoms-DM U12 2023"]
[Site "Odense"]
[Date "2023.11.04"]
[Round "4.4"]
[White "Fyhn, Buster Hulthin"]
[Black "Repey, Yehor"]
[Result "0-1"]
[WhiteElo "1000"]
[BlackElo "1605"]
[PlyCount "86"]
[EventDate "2023.11.04"]
[EventType "swiss"]
[EventRounds "7"]
[EventCountry "DEN"]
[SourceTitle "Live v. Kasper Jerwiarz"]

1. e4 c5 2. Nf3 d6 3. Nc3 Nc6 4. Bb5 Bd7 5. O-O Nf6 6. d3 e6 7. Bg5 Be7 8. Re1
e5 9. Bxf6 Bxf6 10. Nd5 a6 11. Ba4 b5 12. Bb3 Be6 13. c3 Rc8 14. Qd2 a5 15.
Nxf6+ Qxf6 16. Qg5 Qxg5 17. Nxg5 Ke7 18. Nxe6 fxe6 19. a3 a4 20. Bc2 d5 21. b3
axb3 22. Bxb3 c4 23. Bc2 Rhf8 24. dxc4 bxc4 25. exd5 exd5 26. Bxh7 Kd6 27. a4
Na5 28. f3 Nb3 29. Ra2 Rc5 30. Rb1 d4 31. Rd1 d3 32. Rb2 Rb8 33. Kf2 Ra5 34.
Rdb1 Rxa4 35. Bxd3 cxd3 36. Rxb3 Ra2+ 37. Kg3 Rxb3 38. Rxb3 Re2 39. Rb1 d2 40.
Rd1 Kc5 41. f4 e4 42. f5 e3 43. Kf3 Re1 0-1

[Event "Ungdoms-DM U12 2023"]
[Site "Odense"]
[Date "2023.11.05"]
[Round "5.1"]
[White "Jalving, August"]
[Black "Bekmukhanov, Sauran"]
[Result "1-0"]
[WhiteElo "1933"]
[BlackElo "1708"]
[PlyCount "73"]
[EventDate "2023.11.04"]
[EventType "swiss"]
[EventRounds "7"]
[EventCountry "DEN"]
[SourceTitle "Live v. Kasper Jerwiarz"]

1. Nf3 Nf6 2. g3 d5 3. Bg2 c5 4. O-O Nc6 5. d4 cxd4 6. Nxd4 e5 7. Nxc6 bxc6 8.
c4 Be6 9. Nc3 e4 10. Bg5 Be7 11. Qa4 Qd7 12. Rfd1 Rd8 13. Bxf6 Bxf6 14. Nxe4
Bxb2 15. Nc5 Qc7 16. Rab1 Qb6 17. Nxe6 fxe6 18. Qc2 O-O 19. e3 Rb8 20. Rd2 Qa5
21. Rxb2 dxc4 22. Qxc4 Rxb2 23. Rxb2 Qe1+ 24. Bf1 a5 25. Qxe6+ Kh8 26. Qf7 Rg8
27. Qc7 Rf8 28. Qd6 Rg8 29. Qxc6 Qa1 30. Qc2 Qe1 31. Kg2 Rf8 32. Qf5 Rg8 33.
Bd3 g5 34. Rb7 Qc3 35. Qf6+ Rg7 36. Qf8+ Rg8 37. Rxh7# 1-0

[Event "Ungdoms-DM U12 2023"]
[Site "Odense"]
[Date "2023.11.05"]
[Round "5.2"]
[White "Borgesen, Asmund Bech"]
[Black "Sandmann, Villads Majvang"]
[Result "0-1"]
[WhiteElo "1104"]
[BlackElo "1971"]
[PlyCount "50"]
[EventDate "2023.11.04"]
[EventType "swiss"]
[EventRounds "7"]
[EventCountry "DEN"]
[SourceTitle "Live v. Kasper Jerwiarz"]

1. e4 c5 2. c3 Nf6 3. e5 Nd5 4. Bc4 Nb6 5. Bb3 c4 6. Bc2 d6 7. Nf3 Nc6 8. exd6
Qxd6 9. O-O Bg4 10. h3 Bh5 11. Ba4 Bxf3 12. Qxf3 Nxa4 13. Na3 Qd3 14. Qxd3 cxd3
15. Nb5 O-O-O 16. b3 Nb6 17. Nd4 Nxd4 18. cxd4 e6 19. Re1 Nd5 20. Bb2 Kb8 21.
Rac1 Bb4 22. Bc3 Bxc3 23. dxc3 d2 24. c4 dxc1=Q 25. Rxc1 Nf4 0-1

[Event "Ungdoms-DM U12 2023"]
[Site "Odense"]
[Date "2023.11.05"]
[Round "5.3"]
[White "Repey, Yehor"]
[Black "Rynkjob, Bastian"]
[Result "1-0"]
[WhiteElo "1605"]
[BlackElo "1381"]
[PlyCount "97"]
[EventDate "2023.11.04"]
[EventType "swiss"]
[EventRounds "7"]
[EventCountry "DEN"]
[SourceTitle "Live v. Kasper Jerwiarz"]

1. e4 c6 2. d4 d5 3. exd5 cxd5 4. Bd3 Nc6 5. Nf3 Bg4 6. c3 e6 7. Qe2 Nf6 8. h3
Bxf3 9. Qxf3 e5 10. dxe5 Nxe5 11. Qe2 Qe7 12. Bb5+ Nc6 13. Qxe7+ Bxe7 14. Bf4
a6 15. Bxc6+ bxc6 16. Nd2 O-O 17. O-O-O Rfd8 18. Rhe1 Re8 19. Nb3 Ne4 20. f3
Nc5 21. Nd4 Bf6 22. Rxe8+ Rxe8 23. Nxc6 Re2 24. Rd2 Rxd2 25. Kxd2 Ne6 26. Be3
Kf8 27. Nb4 d4 28. cxd4 Nxd4 29. Nxa6 Nf5 30. Bc5+ Ke8 31. b4 Nh4 32. Nc7+ Kd7
33. Nd5 Be5 34. f4 Bb8 35. g3 Nf5 36. g4 Kc6 37. gxf5 Kxd5 38. Ke3 Kc6 39. a4
Kb7 40. Bf8 g6 41. f6 Kb6 42. h4 h5 43. Ke4 Bc7 44. Be7 Kc6 45. f5 Kd7 46. fxg6
fxg6 47. Kf3 Ke6 48. a5 Kf7 49. a6 1-0

[Event "Ungdoms-DM U12 2023"]
[Site "Odense"]
[Date "2023.11.05"]
[Round "5.4"]
[White "Horn, Halfdan"]
[Black "Nielsen, Johannes Smedegaard"]
[Result "1/2-1/2"]
[WhiteElo "979"]
[BlackElo "1200"]
[PlyCount "95"]
[EventDate "2023.11.04"]
[EventType "swiss"]
[EventRounds "7"]
[EventCountry "DEN"]
[SourceTitle "Live v. Kasper Jerwiarz"]

1. e4 e5 2. Nf3 Nc6 3. d4 d6 4. Bb5 Bd7 5. Nc3 a6 6. Ba4 Nf6 7. Bg5 Be7 8. O-O
Na7 9. Bb3 exd4 10. Qxd4 Nc6 11. Qc4 O-O 12. Rfe1 b5 13. Qe2 h6 14. e5 Nxe5 15.
Nxe5 dxe5 16. Qxe5 Bd6 17. Bxf6 Bxe5 18. Bxd8 Bxc3 19. bxc3 Raxd8 20. c4 Bf5
21. cxb5 axb5 22. Re5 Bd7 23. h3 c6 24. a4 Ra8 25. Ree1 bxa4 26. Rxa4 c5 27.
Rxa8 Rxa8 28. Re5 Ra5 29. Re7 Be6 30. Bxe6 fxe6 31. Rxe6 Ra4 32. f3 Rc4 33. Re2
Kf7 34. Kf2 Rc3 35. Ke1 Kf6 36. Kd2 Ra3 37. Re4 Ra8 38. Kd3 Rc8 39. Ra4 Ke5 40.
Rh4 Rc6 41. Kc4 Rg6 42. Rg4 Rxg4+ 43. fxg4 Kd6 44. h4 g5 45. h5 Kc6 46. g3 Kd6
47. Kd3 Kd5 48. c4+ 1/2-1/2

[Event "Ungdoms-DM U12 2023"]
[Site "Odense"]
[Date "2023.11.05"]
[Round "6.1"]
[White "Repey, Yehor"]
[Black "Jalving, August"]
[Result "1/2-1/2"]
[WhiteElo "1605"]
[BlackElo "1933"]
[PlyCount "55"]
[EventDate "2023.11.04"]
[EventType "swiss"]
[EventRounds "7"]
[EventCountry "DEN"]
[SourceTitle "Live v. Kasper Jerwiarz"]

1. e4 c5 2. Nf3 d6 3. d4 cxd4 4. Nxd4 Nf6 5. Nc3 a6 6. Be3 e5 7. Nb3 Be6 8. f3
Be7 9. Be2 O-O 10. Qd2 h5 11. O-O-O Nbd7 12. Rdg1 b5 13. h3 h4 14. g3 hxg3 15.
Rxg3 Nh5 16. Rg2 Nc5 17. Rhg1 Rc8 18. Rxg7+ Nxg7 19. Bh6 Bf6 20. Bxg7 Bxg7 21.
Qh6 Bg4 22. Rxg4 Ne6 23. Nd5 f6 24. Qg6 Qe8 25. Nxf6+ Rxf6 26. Qxf6 Qf7 27.
Qxf7+ Kxf7 28. Nd2 1/2-1/2

[Event "Ungdoms-DM U12 2023"]
[Site "Odense"]
[Date "2023.11.05"]
[Round "6.2"]
[White "Sandmann, Villads Majvang"]
[Black "Nielsen, Johannes Smedegaard"]
[Result "1-0"]
[WhiteElo "1971"]
[BlackElo "1200"]
[PlyCount "57"]
[EventDate "2023.11.04"]
[EventType "swiss"]
[EventRounds "7"]
[EventCountry "DEN"]
[SourceTitle "Live v. Kasper Jerwiarz"]

1. e4 e5 2. Nf3 Nc6 3. Bb5 a6 4. Ba4 Nf6 5. O-O Bc5 6. c3 d6 7. d4 exd4 8. cxd4
b5 9. dxc5 bxa4 10. cxd6 Qxd6 11. Qxa4 Bd7 12. Nbd2 O-O 13. Qd1 Nd4 14. e5
Nxf3+ 15. Nxf3 Qxd1 16. Rxd1 Rfd8 17. exf6 Be6 18. Bg5 g6 19. b3 c5 20. h3 Re8
21. Rac1 Rac8 22. Rd2 Bf5 23. Rd5 Re2 24. Rdxc5 Rxc5 25. Rxc5 Rxa2 26. Bh6 Ra1+
27. Kh2 Rd1 28. Ne5 Rd2 29. Bxd2 1-0

[Event "Ungdoms-DM U12 2023"]
[Site "Odense"]
[Date "2023.11.05"]
[Round "6.3"]
[White "Bekmukhanov, Sauran"]
[Black "Horn, Halfdan"]
[Result "1-0"]
[WhiteElo "1708"]
[BlackElo "979"]
[PlyCount "43"]
[EventDate "2023.11.04"]
[EventType "swiss"]
[EventRounds "7"]
[EventCountry "DEN"]
[SourceTitle "Live v. Kasper Jerwiarz"]

1. e4 e5 2. f4 Nc6 3. Nf3 Bc5 4. fxe5 Nxe5 5. Nxe5 d6 6. Nf3 Bg4 7. c3 Bxf3 8.
Qxf3 Nf6 9. d4 Bb6 10. Bc4 O-O 11. O-O c6 12. Bg5 c5 13. dxc5 Bxc5+ 14. Kh1 Re8
15. Qg3 Kf8 16. Nd2 h6 17. Bxf6 gxf6 18. Qh4 Kg7 19. Qg4+ Kh7 20. Bxf7 Rf8 21.
Qg6+ Kh8 22. Qxh6# 1-0

[Event "Ungdoms-DM U12 2023"]
[Site "Odense"]
[Date "2023.11.05"]
[Round "6.4"]
[White "Rynkjob, Bastian"]
[Black "Skalbak, Ludvig"]
[Result "1/2-1/2"]
[WhiteElo "1381"]
[BlackElo "854"]
[PlyCount "21"]
[EventDate "2023.11.04"]
[EventType "swiss"]
[EventRounds "7"]
[EventCountry "DEN"]
[SourceTitle "Live v. Kasper Jerwiarz"]

1. e4 c5 2. Nf3 d6 3. Bb5+ Bd7 4. Bxd7+ Qxd7 5. c4 Nf6 6. d3 g6 7. O-O Bg7 8.
Nc3 O-O 9. Re1 Nc6 10. a3 Ng4 11. Bd2 1/2-1/2

[Event "Ungdoms-DM U12 2023"]
[Site "Odense"]
[Date "2023.11.05"]
[Round "7.1"]
[White "Jalving, August"]
[Black "Rynkjob, Bastian"]
[Result "1/2-1/2"]
[WhiteElo "1933"]
[BlackElo "1381"]
[PlyCount "63"]
[EventDate "2023.11.04"]
[EventType "swiss"]
[EventRounds "7"]
[EventCountry "DEN"]
[SourceTitle "Live v. Kasper Jerwiarz"]

1. Nf3 d5 2. g3 Nf6 3. Bg2 Bg4 4. c4 c6 5. Qb3 Qb6 6. cxd5 Qxb3 7. axb3 Nxd5 8.
h3 Bxf3 9. Bxf3 Nb4 10. O-O Nd7 11. Ra4 a5 12. Nc3 Nc5 13. Ra1 Nxb3 14. Rb1 g6
15. d3 Nxc1 16. Rfxc1 Bh6 17. Rd1 O-O 18. Na4 Nc2 19. Nc5 Ra7 20. Kf1 Nd4 21.
Bg2 Rd8 22. e3 Nc2 23. Ke2 Nb4 24. d4 Nd5 25. Rd3 b6 26. Na4 b5 27. Nc5 e6 28.
Rc1 Bf8 29. Ne4 Rc7 30. Nc3 Rdc8 31. Ne4 c5 32. dxc5 1/2-1/2

[Event "Ungdoms-DM U12 2023"]
[Site "Odense"]
[Date "2023.11.05"]
[Round "7.2"]
[White "Sandmann, Villads Majvang"]
[Black "Khandelia, Atharva"]
[Result "1-0"]
[WhiteElo "1971"]
[BlackElo "1097"]
[PlyCount "75"]
[EventDate "2023.11.04"]
[EventType "swiss"]
[EventRounds "7"]
[EventCountry "DEN"]
[SourceTitle "Live v. Kasper Jerwiarz"]

1. e4 e5 2. Nf3 Nc6 3. Bb5 a6 4. Ba4 Nf6 5. O-O b5 6. Bb3 Be7 7. Re1 O-O 8. a4
Bb7 9. d3 d6 10. Nc3 b4 11. Nd5 Nxd5 12. Bxd5 Na5 13. Bxb7 Nxb7 14. d4 Bf6 15.
dxe5 Bxe5 16. Qd5 Rb8 17. Nxe5 dxe5 18. Qxe5 Re8 19. Qg3 Rxe4 20. Bf4 Rc4 21.
Be5 f6 22. Rad1 Qe7 23. b3 Rxc2 24. Bd6 Qf7 25. Bxb4 Re8 26. Rxe8+ Qxe8 27. Qd3
Rc6 28. g3 Qe6 29. Re1 Qg4 30. Qd5+ Re6 31. Qxe6+ Qxe6 32. Rxe6 g5 33. Rxf6 h5
34. Rg6+ Kf7 35. Rxg5 c5 36. Bxc5 h4 37. gxh4 a5 38. Bb6 1-0